00441nam a22001457a 4500003000500000005001700005008004100022022001300063050002300076082002200099245006100121260006900182300002300251650002100274SISC20160404144533.0130903t xxu||||| |||| 00| 0 eng d 201172840 aHM 36b.Se464 1998 aHS 398 bSe4 1992 aSelected papers on Bikol studiesbthe journal of history aQuezon City : bPhilippine National Historical Society, c1998.  a181 p.; c23 cm.  aFolklore, Bicol